Food supply chain management and logistics from farm to fork
Na minha lista:
| Autor principal: | |
|---|---|
| Formato: | Livro |
| Idioma: | inglês |
| Publicado em: |
London
Kogan Page
2015
|
| Assuntos: | |
| Tags: |
Sem tags, seja o primeiro a adicionar uma tag!
|
MARC
| LEADER | 00000nam a2200000 4500 | ||
|---|---|---|---|
| 001 | 0208492 | ||
| 005 | 20230109073042.9 | ||
| 020 | |a 978-0-7494-7364-8 | ||
| 041 | 0 | |a eng | |
| 044 | |a GB | ||
| 245 | 1 | 0 | |a Food supply chain management and logistics |b from farm to fork |c Dani Samir |
| 264 | 1 | |a London |b Kogan Page |c 2015 | |
| 300 | |a xviii, 260 s. | ||
| 610 | 2 | 0 | |a riadenie reťazcov dodávateľských |
| 610 | 2 | 0 | |a potravinárstvo |
| 610 | 2 | 0 | |a logistika |
| 610 | 2 | 0 | |a maloobchod |
| 610 | 2 | 0 | |a riadenie rizík |
| 610 | 2 | 0 | |a bezpečnosť potravinová |
| 100 | 1 | |a Samir, Dani | |